[Event "Titled Tuesday intern op 23rd Apr Late"]
[Site "Chess.com INT"]
[Date "2024.04.23"]
[Round "6"]
[White "Marchesich, Giovanni"]
[Black "Wu, Derek"]
[Result "1/2-1/2"]
[WhiteElo "2226"]
[BlackElo "2295"]
[PlyCount "156"]
[EventDate "2024.04.23"]
[EventType "swiss (blitz)"]
[EventRounds "11"]
[EventCountry "USA"]
[SourceTitle "CB18_2024"]
[SourceDate "2024.05.01"]
[SourceVersion "1"]
[SourceVersionDate "2024.05.01"]
[SourceQuality "2"]

1. Nc3 Nf6 2. d4 d5 3. Bf4 a6 4. e3 e6 5. g4 c5 6. g5 Nfd7 7. Nf3 Nc6 8. h4 b5 9. h5 Nb6 10. Bh3 Bd6 11. Ne5 Qc7 12. Nxc6 Bxf4 13. exf4 Qxc6 14. Ne2 Nc4 15. b3 Nd6 16. dxc5 Qxc5 17. Qd4 Qxd4 18. Nxd4 Bd7 19. 0-0-0 0-0 20. Nf3 Ne4 21. Ne5 Ra7 22. Rhf1 Rc8 23. f3 Nc3 24. Rd2 Nxa2+ 25. Kb2 Nb4 26. f5 Re8 27. g6 hxg6 28. hxg6 fxg6 29. fxg6 Nc6 30. Re1 Nxe5 31. Rxe5 Kf8 32. Rde2 Rc7 33. Bxe6 Bxe6 34. Rxe6 Rxe6 35. Rxe6 a5 36. Rb6 b4 37. Rd6 Rc5 38. Rd7 Rc6 39. Rxd5 Rxg6 40. Rxa5 Rf6 41. Rb5 Rf4 42. Rb7 g6 43. Kc1 Ke8 44. Kd2 Kd8 45. Ke3 Rh4 46. Rb6 Rh2 47. Rxb4 Rxc2 48. Kf4 Ke7 49. Rb6 Kf7 50. b4 Rb2 51. Kg4 Rb3 52. f4 Kg7 53. b5 Kh7 54. Kg5 Rg3+ 55. Kf6 Rf3 56. Ke5 Re3+ 57. Kd4 Rf3 58. Ke4 Rb3 59. Rb7+ Kh6 60. b6 Rb4+ 61. Ke5 Rb5+ 62. Ke6 Rb4 63. Ke5 Rb5+ 64. Ke4 Rb4+ 65. Kf3 g5 66. fxg5+ Kxg5 67. Rb8 Kf6 68. b7 Kg7 69. Ke3 Rb6 70. Kd4 Rb1 71. Kd5 Rd1+ 72. Kc5 Rc1+ 73. Kb4 Rb1+ 74. Kc3 Rb6 75. Kc2 Rb5 76. Kc3 Rb6 77. Kc2 Rb5 78. Kc3 Rb6 1/2-1/2

[Event "Titled Tuesday intern op 16th Apr Early"]
[Site "Chess.com INT"]
[Date "2024.04.16"]
[Round "9"]
[White "Silvederio, John Michael Britan"]
[Black "Wu, Derek"]
[Result "1-0"]
[WhiteElo "2006"]
[BlackElo "2295"]
[PlyCount "63"]
[EventDate "2024.04.16"]
[EventType "swiss (blitz)"]
[EventRounds "11"]
[EventCountry "USA"]
[SourceTitle "CB17_2024"]
[SourceDate "2024.04.24"]
[SourceVersion "1"]
[SourceVersionDate "2024.04.24"]
[SourceQuality "1"]

1. d4 Nf6 2. Nc3 d5 3. Bf4 a6 4. e3 e6 5. Bd3 Bb4 6. a3 Bxc3+ 7. bxc3 0-0 8. Qf3 c5 9. dxc5 Qa5 10. Ne2 Nbd7 11. Bd6 Rd8 12. 0-0 Nxc5 13. Be7 Nfe4 14. Bxd8 Qxd8 15. Rfd1 Bd7 16. c4 Bc6 17. cxd5 exd5 18. c4 Qe7 19. Nd4 Re8 20. Nxc6 bxc6 21. cxd5 cxd5 22. Rac1 Nb3 23. Rc6 a5 24. Bxe4 dxe4 25. Qg4 g6 26. Rc8 Kg7 27. Rxe8 Qxe8 28. h3 Nc5 29. Rd5 Nd3 30. Qd7 Qe5 31. Rxe5 Nxe5 32. Qd4 1-0

[Event "Titled Tuesday intern op 02nd Apr Late"]
[Site "Chess.com INT"]
[Date "2024.04.02"]
[Round "6"]
[White "Vlachos, Anatole"]
[Black "Wu, Derek"]
[Result "1/2-1/2"]
[WhiteElo "2482"]
[BlackElo "2295"]
[PlyCount "116"]
[EventDate "2024.04.02"]
[EventType "swiss (blitz)"]
[EventRounds "11"]
[EventCountry "USA"]
[SourceTitle "CB15_2024"]
[SourceDate "2024.04.10"]
[SourceVersion "1"]
[SourceVersionDate "2024.04.10"]
[SourceQuality "1"]

1. e4 e5 2. Nf3 Nc6 3. d4 exd4 4. Bc4 Nf6 5. 0-0 Nxe4 6. Re1 d5 7. Bxd5 Qxd5 8. Nc3 Qd7 9. Nxe4 Be7 10. Bg5 0-0 11. Bxe7 Qxe7 12. Nxd4 Bd7 13. Ng3 Qf6 14. Nxc6 Bxc6 15. c3 Rad8 16. Qc2 Rfe8 17. Rad1 Qg5 18. Rxe8+ Rxe8 19. Qd2 Qxd2 20. Rxd2 Re1+ 21. Nf1 Kf8 22. c4 a5 23. f3 a4 24. Kf2 Ra1 25. b3 g5 26. Ne3 h5 27. b4 b5 28. cxb5 Bxb5 29. Rc2 c6 30. Nf5 f6 31. Nd4 Ke7 32. Ke3 Kd6 33. h4 gxh4 34. Nf5+ Ke6 35. Nd4+ Kd7 36. Kf4 Rd1 37. Nxb5 cxb5 38. Rc5 Rd4+ 39. Ke3 Rxb4 40. Rxh5 Rb2 41. a3 Kc6 42. Rxh4 Rb3+ 43. Kd4 Rxa3 44. Rh6 Ra2 45. Rxf6+ Kb7 46. Kc5 Rb2 47. Rf7+ Kc8 48. Ra7 Kd8 49. g4 Ke8 50. g5 Kf8 51. g6 Rf2 52. Kxb5 Rxf3 53. Rxa4 Rg3 54. Rc4 Rxg6 55. Rc5 Kf7 56. Rc7+ Kf6 57. Rc6+ Kf7 58. Rxg6 Kxg6 1/2-1/2

[Event "Titled Tuesday intern op 12th Mar Early"]
[Site "Chess.com INT"]
[Date "2024.03.12"]
[Round "6"]
[White "Plyasunov, Daniil"]
[Black "Wu, Derek"]
[Result "1-0"]
[WhiteElo "2241"]
[BlackElo "2295"]
[PlyCount "75"]
[EventDate "2024.03.12"]
[EventType "swiss (blitz)"]
[EventRounds "11"]
[EventCountry "USA"]
[SourceTitle "CB12_2024"]
[SourceDate "2023.10.01"]
[SourceVersion "1"]
[SourceVersionDate "2023.10.01"]
[SourceQuality "1"]

1. e4 c5 2. Nf3 e6 3. c3 d5 4. e5 d4 5. d3 Ne7 6. g3 Bd7 7. Bg2 Bc6 8. 0-0 Nf5 9. Qe2 Be7 10. h4 h6 11. h5 Nd7 12. c4 Qc7 13. Nbd2 0-0-0 14. a3 g5 15. b4 g4 16. Nh2 Bxg2 17. Kxg2 Nxe5 18. Ne4 Rhg8 19. Bf4 f6 20. bxc5 Qc6 21. Bxe5 fxe5 22. Nxg4 Qc7 23. c6 bxc6 24. c5 Rd5 25. Rab1 Bxc5 26. Ngf6 Rgd8 27. Nxd5 Rxd5 28. Qg4 Bxa3 29. Qg8+ Qd8 30. Qxe6+ Qd7 31. Qg8+ Qd8 32. Qg4 Qd7 33. Nf6 Qe6 34. Nxd5 Qxd5+ 35. Kh2 Qd7 36. Rfe1 Bd6 37. Qg8+ Kc7 38. Qb8# 1-0

[Event "Titled Tuesday intern op 12th Mar Early"]
[Site "Chess.com INT"]
[Date "2024.03.12"]
[Round "7"]
[White "Wu, Derek"]
[Black "Badelka, Olga"]
[Result "0-1"]
[WhiteElo "2295"]
[BlackElo "2377"]
[PlyCount "152"]
[EventDate "2024.03.12"]
[EventType "swiss (blitz)"]
[EventRounds "11"]
[EventCountry "USA"]
[SourceTitle "CB12_2024"]
[SourceDate "2023.10.01"]
[SourceVersion "1"]
[SourceVersionDate "2023.10.01"]
[SourceQuality "1"]

1. e4 c5 2. Nf3 Nc6 3. d4 cxd4 4. Nxd4 Qb6 5. Nb3 e6 6. Be3 Qc7 7. a3 Nf6 8. Nc3 a6 9. f4 d6 10. g4 h5 11. g5 Nd7 12. g6 fxg6 13. Bh3 Nf6 14. Rg1 Qf7 15. Qe2 Be7 16. 0-0-0 Ng4 17. Bxg4 hxg4 18. Rxg4 e5 19. Rg2 exf4 20. Nd5 f3 21. Qd2 fxg2 22. Nc7+ Kf8 23. Nxa8 Rxh2 24. Bg1 Rh5 25. Qxg2 Kg8 26. Nb6 Bh3 27. Qe2 Qf4+ 28. Kb1 Bg4 29. Qc4+ Qf7 30. Rf1 Qxc4 31. Nxc4 Be6 32. Ne3 Rh1 33. Nd2 Ne5 34. b4 Bg5 35. Bf2 Rh2 36. Be1 Bxe3 37. Nb3 g5 38. Na5 b5 39. Bg3 Rh3 40. Be1 g4 41. Nb7 g3 42. Bxg3 Rxg3 43. Nxd6 Rg1 44. Rxg1 Bxg1 45. Kc1 Be3+ 46. Kd1 g5 47. Ke2 Bd4 48. Kd2 g4 49. c3 g3 50. cxd4 g2 51. dxe5 g1Q 52. Kd3 Qg3+ 53. Kd4 Qf2+ 54. Kd3 Qa2 55. Nb7 Qxa3+ 56. Ke2 Qxb4 57. Nd6 Bc4+ 58. Ke3 Be6 59. Kf4 a5 60. Nb7 a4 61. Nd8 Bc4 62. Nc6 Qc5 63. Na5 a3 64. Nb7 Qe7 65. Nd6 a2 66. Nf5 Qf7 67. Kg5 a1Q 68. Nh6+ Kf8 69. Nxf7 Kxf7 70. Kf5 Be6+ 71. Kf4 Qd4 72. Kg5 Qxe5+ 73. Kh6 Qf6+ 74. Kh5 Kg7 75. e5 Qf3+ 76. Kh4 Qg4# 0-1

[Event "Titled Tuesday intern op 12th Mar Late"]
[Site "Chess.com INT"]
[Date "2024.03.12"]
[Round "6"]
[White "Wu, Derek"]
[Black "Salman, Ilhan Serhat"]
[Result "0-1"]
[WhiteElo "2295"]
[BlackElo "2092"]
[PlyCount "140"]
[EventDate "2024.03.12"]
[EventType "swiss (blitz)"]
[EventRounds "11"]
[EventCountry "USA"]
[SourceTitle "CB12_2024"]
[SourceDate "2023.10.01"]
[SourceVersion "1"]
[SourceVersionDate "2023.10.01"]
[SourceQuality "1"]

1. e4 d5 2. exd5 Qxd5 3. Nc3 Qa5 4. Nf3 Nf6 5. d4 Bg4 6. Bd2 Nc6 7. d5 Nxd5 8. Nb5 Qb6 9. c4 0-0-0 10. cxd5 Rxd5 11. Qb3 e6 12. Nc3 Bxf3 13. Qxb6 axb6 14. gxf3 Re5+ 15. Be3 Nd4 16. 0-0-0 Nxf3 17. Be2 Nh4 18. Rhg1 Ng6 19. Rg4 Be7 20. Ra4 Ra5 21. Rxa5 bxa5 22. Nb5 Rd8 23. Rxd8+ Kxd8 24. Bf3 b6 25. Kc2 Ne5 26. Bg2 Ng4 27. h3 Nxe3+ 28. fxe3 Kd7 29. Kd3 c6 30. Nd4 c5 31. Nf3 Bf6 32. b3 g5 33. Nd2 h5 34. Bf3 h4 35. Kc4 Kc7 36. Kb5 Be7 37. Nc4 f5 38. Nxb6 e5 39. Nd5+ Kd6 40. Nxe7 Kxe7 41. Kxc5 e4 42. Bg2 g4 43. hxg4 fxg4 44. Bxe4 g3 45. Bg2 Kf6 46. Kd5 Kf5 47. e4+ Kg4 48. e5 h3 49. Bxh3+ Kxh3 50. e6 g2 51. e7 g1Q 52. e8Q Qg2+ 53. Qe4 Qxa2 54. Qd3+ Kg4 55. Kc5 Qa3+ 56. Kd5 Kg5 57. Qe3+ Kf6 58. Qe6+ Kg7 59. Qd7+ Kh8 60. Qe8+ Kh7 61. Qe4+ Kh8 62. Qd4+ Kg8 63. Qc4 Kf7 64. Kc6+ Kf6 65. Kb5 Qa1 66. Qc6+ Ke7 67. Qc7+ Ke8 68. Qxa5 Qf1+ 69. Kb4 Qe1+ 70. Kc4 Qxa5 0-1

[Event "Titled Tuesday intern op 13th Feb Late"]
[Site "Chess.com INT"]
[Date "2024.02.13"]
[Round "7"]
[White "Wu, Derek"]
[Black "Spitzl, Vinzent"]
[Result "1/2-1/2"]
[WhiteElo "2295"]
[BlackElo "2365"]
[PlyCount "123"]
[EventDate "2024.02.13"]
[EventType "swiss (blitz)"]
[EventRounds "11"]
[EventCountry "USA"]
[SourceTitle "CB08_2024"]
[SourceDate "2024.02.21"]
[SourceVersion "1"]
[SourceVersionDate "2024.02.21"]
[SourceQuality "1"]

1. e4 c5 2. Nc3 d6 3. Nf3 Nf6 4. d4 cxd4 5. Nxd4 a6 6. Be3 e5 7. Nb3 Be7 8. f3 Be6 9. Qd2 h5 10. 0-0-0 Nbd7 11. Kb1 b5 12. Nd5 Nxd5 13. exd5 Bf5 14. Na5 Nf6 15. Nc6 Qc7 16. Bd3 Bxd3 17. Qxd3 Rc8 18. Nb4 Qb7 19. Rhe1 0-0 20. Nc6 Nxd5 21. Nxe7+ Nxe7 22. Qxd6 Ng6 23. Qd5 Qc7 24. Qb3 Rfd8 25. Bg5 Rd7 26. a3 Kh7 27. g4 h4 28. Rd3 f6 29. Bc1 Rcd8 30. Red1 Rxd3 31. Rxd3 Rd6 32. Be3 Qd7 33. Rxd6 Qxd6 34. Ka2 h3 35. Qf7 Qd1 36. g5 Qxf3 37. gxf6 Qxf6 38. Qd7 Nf4 39. Bxf4 exf4 40. Qxh3+ Kg6 41. Qg4+ Kf7 42. Qf3 Qe6+ 43. b3 Qe3 44. Qb7+ Kg8 45. Qc8+ Kh7 46. Qf5+ Kh6 47. h4 f3 48. a4 f2 49. h5 Qg3 50. axb5 axb5 51. Qxb5 Qg1 52. Qc6+ Kxh5 53. Qf3+ Kh4 54. Qf4+ Kh3 55. Qf3+ Kh2 56. Qh5+ Kg2 57. Qg4+ Kh1 58. Qh3+ Qh2 59. Qf1+ Qg1 60. Qh3+ Qh2 61. Qf1+ Qg1 62. Qh3+ 1/2-1/2

[Event "Titled Tuesday intern op 06th Feb Late"]
[Site "Chess.com INT"]
[Date "2024.02.06"]
[Round "8"]
[White "Carnicelli, Valerio"]
[Black "Wu, Derek"]
[Result "0-1"]
[WhiteElo "2427"]
[BlackElo "2295"]
[PlyCount "136"]
[EventDate "2024.02.06"]
[EventType "swiss (blitz)"]
[EventRounds "11"]
[EventCountry "USA"]
[SourceTitle "CB07_2024"]
[SourceDate "2024.02.14"]
[SourceVersion "1"]
[SourceVersionDate "2024.02.14"]
[SourceQuality "1"]

1. e4 e5 2. Nf3 Nc6 3. Bb5 a6 4. Ba4 Nf6 5. 0-0 Nxe4 6. d4 Be7 7. Re1 b5 8. Bb3 d5 9. dxe5 Be6 10. c3 0-0 11. Nbd2 Nc5 12. Bc2 d4 13. Ne4 dxc3 14. bxc3 Qxd1 15. Rxd1 Rfd8 16. Be3 Nd7 17. Bf4 h6 18. Nd4 Ndxe5 19. Nxe6 fxe6 20. Bb3 Kf7 21. Bg3 Rac8 22. Re1 Nd3 23. Re3 Na5 24. Bxe6+ Kxe6 25. Nd6+ Kd7 26. Nxc8 Rxc8 27. Rxd3+ Kc6 28. Re1 Bf6 29. a4 Nc4 30. axb5+ axb5 31. h4 Ra8 32. h5 Ra3 33. Rc1 b4 34. cxb4 Rxd3 35. Rxc4+ Kb5 36. Rxc7 Kxb4 37. Kh2 Rd5 38. Kh3 Rxh5+ 39. Kg4 Rg5+ 40. Kf3 Kb5 41. Bf4 Rf5 42. g4 Rd5 43. Kg3 Kb6 44. Rc8 Rd7 45. f3 Kb7 46. Rb8+ Kc6 47. Rc8+ Kd5 48. Re8 Rf7 49. Re4 Bd4 50. Bc1 g5 51. Bd2 Be5+ 52. Kg2 Rb7 53. Be3 Rb2+ 54. Bf2 Bf4 55. Re8 Bd6 56. Rd8 Ke6 57. Kg1 Rb3 58. Kg2 Be7 59. Rh8 Rb2 60. Rxh6+ Kf7 61. Kg1 Bf6 62. Rh7+ Bg7 63. Rh5 Kg6 64. Kg2 Bd4 65. Rh2 Rxf2+ 66. Kg3 Rxh2 67. Kxh2 Be5+ 68. Kg2 Bf4 0-1